000 02195nam a2200409 i 4500
001 000017501
003 DO-SdBNP
005 20250925142702.0
007 ta
008 100326s1998 dr 000 0 spa d
040 _aDO-SdBNP
_bspa
_cBNPHU
_erda
041 _aspa
082 4 _a378.8254
_bT926o 1998
_222
100 1 _aTünnermann Bernheim, Carlos
_eautor
_4aut.
_917536
245 1 0 _aOchenta años de la reforma universitaria de Córdoba /
_cCarlos Tünnermann Bernheim ; prólogo Luis Manuel Peñalver.
246 1 0 _a80 años de la reforma universitaria de Córdoba.
250 _aCuarta edición
264 4 _aSanto Domingo, República Dominicana :
_bEditora Universitaria,
_c©1998.
300 _a122 páginas ;
_c20 cm.
336 _atexto
_btxt
_2rdacontent
337 _asin mediación
_bn
_2rdamedia
338 _avolumen
_bnc
_2rdacarrier
490 1 _aColección Educación y sociedad ;
_v39 ;
490 1 _aPublicaciones Universidad Autónoma de Santo Domingo ;
_v856
505 0 _gPrólogo /
_rLuis Manuel Peñalver --
_tRaíces sociales e ideológicas de la Reforma --
_tSituación de las universidades latinoamericanas al producirse el Movimiento de Córdoba --
_t"En una oscura universidad mediterránea" --
_tProyección latinoamericana del movimiento --
_tEl programa de la Reforma --
_tBalance la reforma a 65 años del Grito de Córdoba --
_tApéndice: "La Juventud argentina de Córdoba a los hombres libres de Sudamérica" (Manifiesto del 21 de junio de 1918) --
_gNotas.
533 _aFacsímil:
_bVenezuela :
_cUniversitaria Centro América,
_d[s.a]
_n3ª ed. venezolana a cargo del Fondo Editorial para el Desarrollo de la Educación Superior
590 _aInventariado, 2018/ YL
650 4 _aReforma universitaria
_zArgentina
_938223
650 4 _aConflictos universitarios
_938224
650 4 _aUniversidades
_xHistoria
_zArgentina
_938225
700 1 _aPeñalver, Luis Manuel,
_eprologuista
_938226
_4pr.
710 1 _aUniversidad Autónoma de Santo Domingo
_972951
830 0 _aEducación y Sociedad
_n39
_938227
830 0 _aPublicaciones Universidad Autónoma de Santo Domingo
_n856
_938228
910 _aValidado. Control de calidad EMS
942 _2ddc
_cLBS1
999 _c17026
_d17026